TLC importancia y perspectivas de los servicios financieros /

Gardado en:
Detalles Bibliográficos
Autor Principal: Manrique Campos, Irma
Formato: Texto
Materias:
Etiquetas: Engadir etiqueta
Sen Etiquetas, Sexa o primeiro en etiquetar este rexistro!

MARC

LEADER 00000 a a2200000 04500
001 46010
003
040 |a CRAI/IIS  |c CRAI/IIS 
100 |a Manrique Campos, Irma  
245 |a TLC importancia y perspectivas de los servicios financieros /  |c Irma Manrique Campos  
650 |a TLC  
650 |a TRATADO DE LIBRE COMERCIO  
773 |g número58 (1991), páginas 9-13  
999 |c 18550  |d 18550